|
|
|
|
| LEADER |
00000nam0a2200000 4500 |
| 001 |
25951 |
| 005 |
20231101205714.0 |
| 010 |
|
|
|a 5210021394
|
| 035 |
|
|
|a (RuTPU)RU\TPU\book\26189
|
| 035 |
|
|
|a BOOK00026264
|
| 090 |
|
|
|a 25951
|
| 100 |
|
|
|a 20011209d1993 m y0rusy50 ca
|
| 101 |
0 |
|
|a rus
|
| 102 |
|
|
|a RU
|
| 105 |
|
|
|a a z 000zb
|
| 200 |
1 |
|
|a Вадим Козин
|f Б. А. Савченко
|
| 210 |
|
|
|a Москва
|c Искусство
|d 1993
|
| 215 |
|
|
|a 238 с.
|c ил.
|
| 517 |
1 |
|
|a Опальный Орфей
|
| 600 |
|
1 |
|a Козин
|b В. А.
|c российский певец (тенор)
|f 1903-1994
|g Вадим Александрович
|2 stltpush
|3 (RuTPU)RU\TPU\pers\13398
|9 4053
|
| 610 |
1 |
|
|a искусство
|
| 610 |
1 |
|
|a музыка
|
| 610 |
1 |
|
|a вокальная музыка
|
| 610 |
1 |
|
|a эстрадная музыка
|
| 610 |
1 |
|
|a Россия
|
| 610 |
1 |
|
|a 20 век
|
| 675 |
|
|
|a 784
|v 3
|
| 700 |
|
1 |
|a Савченко
|b Б. А.
|g Борис Александрович
|
| 801 |
|
0 |
|a RU
|b 63413507
|c 20011209
|g PSBO
|
| 801 |
|
2 |
|a RU
|b 63413507
|c 20051228
|g PSBO
|
| 942 |
|
|
|c BK
|